What are these animals - Littlest Petshop - Statistics

General Stats
  • This quiz has been taken 26 times
  • The average score is 9 of 16
Answer Stats
Picture Answer % Correct
Giraffe
90%
Horse
90%
Rooster
81%
Tiger
67%
Axolotl
62%
Shark
62%
Anteater
57%
Pelican
57%
Rhinoceros
57%
Cow
52%
Walrus
52%
Llama
43%
Iguana
33%
Seagull
33%
Lioness
24%
Centipede
5%
No matching quizzes found
Score Distribution
Percent of People with Each Score
Percentile by Number Answered
Your Score History
You have not taken this quiz